Public administration : (Record no. 4039)
[ view plain ]
| 000 -LEADER | |
|---|---|
| fixed length control field | 01003nac a22002051u 4500 |
| 010 ## - LIBRARY OF CONGRESS CONTROL NUMBER | |
| LC control number | 2001026242 |
| 020 ## - INTERNATIONAL STANDARD BOOK NUMBER | |
| International Standard Book Number | 053457663X (alk. paper) |
| 082 00 - DEWEY DECIMAL CLASSIFICATION NUMBER | |
| Classification number | 351.73 |
| Item number | L5492 |
| 090 ## - LOCALLY ASSIGNED LC-TYPE CALL NUMBER (OCLC); LOCAL CALL NUMBER (OCLC) | |
| -- | 4039 |
| -- | 4039 |
| 100 ## - MAIN ENTRY--PERSONAL NAME | |
| Personal name | LeMay, Michael C., |
| 245 10 - TITLE STATEMENT | |
| Title | Public administration : |
| Remainder of title | clashing values in the administration of public policy / |
| Statement of responsibility, etc | Michael C. LeMay. |
| 260 ## - PUBLICATION, DISTRIBUTION, ETC. (IMPRINT) | |
| Place of publication, distribution, etc | Australia ; |
| -- | Belmont, CA : |
| Name of publisher, distributor, etc | Wadsworth Thomson Learning, |
| Date of publication, distribution, etc | c2002. |
| 300 ## - PHYSICAL DESCRIPTION | |
| Extent | xvi, 435 p. : |
| Other physical details | ill. ; |
| Dimensions | 25 cm. |
| 504 ## - BIBLIOGRAPHY, ETC. NOTE | |
| Bibliography, etc | Includes bibliographical references and index. |
| 650 #0 - SUBJECT ADDED ENTRY--TOPICAL TERM | |
| Topical term or geographic name as entry element | Public administration |
| Geographic subdivision | United States |
| Form subdivision | Textbooks. |
| 650 #0 - SUBJECT ADDED ENTRY--TOPICAL TERM | |
| Topical term or geographic name as entry element | Public administration |
| Geographic subdivision | United States. |
| 942 ## - ADDED ENTRY ELEMENTS (KOHA) | |
| Item type | Book - Borrowing |
| Call number prefix | 351.73L5492 |
| Withdrawn status | Item status | Damaged status | Not for loan | Home library | Current library | Shelving location | Date acquired | Source of acquisition | Total Checkouts | Total Renewals | Full call number | Barcode | Date last seen | Date last borrowed | Koha item type | Materials specified (bound volume or other part) |
|---|---|---|---|---|---|---|---|---|---|---|---|---|---|---|---|---|
| Central Library | Central Library | First floor | 07/08/2015 | Purchase | 15 | 67 | 351.73 LEM | 000005159 | 15/07/2025 | 03/09/2018 | Book - Borrowing | |||||
| Lost | Central Library | Central Library | First floor | 16/08/2007 | Purchase | 14 | 38 | 351.73 LEM | 000005216 | 23/08/2016 | 05/01/2016 | Book - Borrowing | Lost In Inventory_2017-8-25 |